000 00412pab a2200145 454500
008 180718b1989 xxu||||| |||| 00| 0 eng d
100 _aViswanathan, P.V.
245 _aSalient features of the motor vehicles Act, 188
260 _c1989
300 _a5-10
362 _aJun.
650 _aRoads - Safety Devices and Measures - Legislation - India
773 _aJournal of Transport Management
909 _a17786
999 _c17786
_d17786